LIBRARY & INFORMATION CENTRE, KCAET, TAVANUR

ONLINE PUBLIC ACCESS CATALOGUE (OPAC)

Microprocessors and microcontrollers / (Record no. 13130)

MARC details
000 -LEADER
fixed length control field 00427cam a2200169ua 4500
041 ## - LANGUAGE CODE
Language code of text/sound track or separate title eng
082 ## - DEWEY DECIMAL CLASSIFICATION NUMBER
Classification number 004.16
Item number KAN/MI
100 ## - MAIN ENTRY--AUTHOR NAME
Personal name Kani, Nagoor .
245 ## - TITLE STATEMENT
Title Microprocessors and microcontrollers /
260 ## - PUBLICATION, DISTRIBUTION, ETC. (IMPRINT)
Place of publication Chennai :
Name of publisher RBA Publications ,
Year of publication 2006.
300 ## - PHYSICAL DESCRIPTION
Number of Pages 898 ; .
942 ## - ADDED ENTRY ELEMENTS (KOHA)
Koha item type Books
Holdings
Withdrawn status Lost status Damaged status Home library Current library Date acquired Full call number Accession Number Koha item type
      KAUAET KAUAET 07/04/2012 004.16 21356 Books
free website counter